[Event "SK Bocholt 1 - SF Olfen 1"]
[Site "Verbandsliga 2015/2016"]
[Date "2016.05.21"]
[Round "9.1"]
[White "Koke, Christoph"]
[Black "Liesmann, Karsten"]
[Result "1/2-1/2"]
[WhiteElo "2073"]
[BlackElo "2006"]
[PlyCount "73"]
[EventDate "2016.??.??"]
[SourceDate "2015.09.20"]

1. d4 d5 2. c4 Nc6 3. Nc3 dxc4 4. Nf3 Nf6 5. Bg5 Bg4 6. d5 Bxf3 7. exf3 Ne5 8.
Qd4 Nd3+ 9. Bxd3 cxd3 10. O-O-O c6 11. Bxf6 gxf6 12. Rxd3 Qb6 13. dxc6 Qxd4 14.
Rxd4 bxc6 15. Rhd1 Rg8 16. g3 f5 17. Rd7 Rg6 18. f4 Bg7 19. Rc7 Re6 20. Kc2 a5
21. Rd2 Bxc3 22. Kxc3 f6 23. Rd3 Ra6 24. Re3 Rxe3+ 25. fxe3 Rb6 26. b3 Kd8 27.
Ra7 Rb5 28. Kc4 Rd5 29. a4 Ke8 30. Ra8+ Kd7 31. Rh8 Rd2 32. Rxh7 Rc2+ 33. Kd4
Rd2+ 34. Kc5 Rd3 35. Kc4 Rxe3 36. Rg7 Re4+ 37. Kc3 1/2-1/2

[Event "SK Bocholt 1 - SF Olfen 1"]
[Site "Verbandsliga 2015/2016"]
[Date "2016.05.21"]
[Round "9.2"]
[White "Naumann, Felix"]
[Black "Beutelhoff, Josef"]
[Result "0-1"]
[WhiteElo "1812"]
[BlackElo "1982"]
[PlyCount "50"]
[EventDate "2016.??.??"]
[SourceDate "2015.09.20"]

1. d4 Nf6 2. Nf3 g6 3. Bf4 Bg7 4. e3 d6 5. Nbd2 Nbd7 6. Be2 Nh5 7. Bg3 c6 8. c3
Nxg3 9. hxg3 d5 10. Rc1 f5 11. c4 e6 12. b4 O-O 13. O-O g5 14. Nb3 g4 15. Nfd2
Nf6 16. b5 cxb5 17. cxd5 a6 18. dxe6 Bxe6 19. Bd3 b6 20. Rc2 Nd5 21. Qb1 Qd7
22. Rfc1 Rac8 23. e4 Rxc2 24. Bxc2 Nc3 25. Qa1 Ne2+ 0-1

[Event "SK Bocholt 1 - SF Olfen 1"]
[Site "Verbandsliga 2015/2016"]
[Date "2016.05.21"]
[Round "9.3"]
[White "Althoff, Ralph"]
[Black "Hunhoff, Sebastian"]
[Result "1-0"]
[WhiteElo "2001"]
[BlackElo "1912"]
[PlyCount "68"]
[EventDate "2016.??.??"]
[SourceDate "2015.09.20"]

1. e4 e6 2. d4 d5 3. e5 c5 4. c3 Qb6 5. Nf3 Bd7 6. Bd3 cxd4 7. cxd4 Bb5 8. O-O
Bxd3 9. Qxd3 Qa6 10. Qb3 Ne7 11. Nc3 Nec6 12. Nb5 Qb6 13. Bd2 Nd7 14. Qd3 a6
15. Nc3 Be7 16. Rad1 Rc8 17. Rfe1 Qa7 18. Bc1 b5 19. Ng5 Bxg5 20. Bxg5 h6 21.
Bh4 Ne7 22. Bxe7 Kxe7 23. Qh3 Nb6 24. f4 g6 25. g4 h5 26. Qh4+ Ke8 27. f5 Qe7
28. Qh3 Qg5 29. fxe6 fxe6 30. Qd3 Qxg4+ 31. Kh1 Rf8 32. Rf1 Ke7 33. Nxb5 axb5
34. Qa3+ Kd7 1-0

[Event "SK Bocholt 1 - SF Olfen 1"]
[Site "Verbandsliga 2015/2016"]
[Date "2016.05.21"]
[Round "9.4"]
[White "Steiner, Karl"]
[Black "Engelkamp, Stephan"]
[Result "1-0"]
[WhiteElo "1920"]
[BlackElo "1916"]
[PlyCount "101"]
[EventDate "2016.??.??"]
[SourceDate "2015.09.20"]

1. Nf3 g6 2. d4 Nf6 3. g3 Bg7 4. Bg2 O-O 5. O-O d6 6. c4 c6 7. Nc3 a5 8. b3 Na6
9. Bb2 Rb8 10. h3 Qc7 11. Rc1 Re8 12. e4 Bh6 13. Rc2 Nb4 14. Re2 e5 15. a3 Na6
16. Qc2 Bd7 17. Rd1 Rbd8 18. d5 c5 19. Nb5 Bxb5 20. cxb5 Nb8 21. Nd2 Nbd7 22.
Nc4 b6 23. a4 Bg7 24. h4 Nh5 25. Bh3 Rf8 26. Bc1 h6 27. Be3 Kh7 28. Kh2 Nhf6
29. f3 Ng8 30. Bg4 Ndf6 31. Bh3 Nd7 32. Rh1 Ne7 33. g4 Ng8 34. Kg1 Ne7 35. Qd2
Rg8 36. Rf2 Rgf8 37. Kh2 Qb8 38. Rhf1 Qc7 39. Kh1 Ng8 40. g5 h5 41. Qe2 Rb8 42.
Bd2 Rbd8 43. Bc3 Ne7 44. Qb2 f5 45. f4 fxe4 46. fxe5 Nxd5 47. exd6 Qb7 48. Bxg7
Rxf2 49. Qxf2 Kxg7 50. Qf7+ Kh8 51. Ne5 1-0

[Event "SK Bocholt 1 - SF Olfen 1"]
[Site "Verbandsliga 2015/2016"]
[Date "2016.05.21"]
[Round "9.5"]
[White "Preuß, Richard"]
[Black "Robeling, Stephan"]
[Result "1-0"]
[WhiteElo "1748"]
[BlackElo "1820"]
[PlyCount "71"]
[EventDate "2016.??.??"]
[SourceDate "2015.09.20"]

1. e4 e6 2. Nf3 d5 3. exd5 exd5 4. d4 Bd6 5. Bd3 Ne7 6. c3 c6 7. Be3 Bf5 8. Nh4
Bxd3 9. Qxd3 Qc7 10. g3 Nd7 11. Nd2 O-O-O 12. O-O-O g6 13. f4 f5 14. Nhf3 Rhf8
15. Ng5 Rf6 16. Nxh7 Rf7 17. Ng5 Rf6 18. Ndf3 Qa5 19. Kb1 c5 20. dxc5 Bxc5 21.
Nd4 Ra6 22. a3 Bxa3 23. Qb5 Qxb5 24. Nxb5 Bc5 25. Rhe1 Ng8 26. Rxd5 Bxe3 27.
Rxe3 Ngf6 28. Rd2 Nc5 29. Rxd8+ Kxd8 30. Nf7+ Kd7 31. Ne5+ Kd8 32. b4 Nce4 33.
Rd3+ Kc8 34. Nxg6 Ng8 35. Ne5 Rh6 36. Nf7 1-0

[Event "SK Bocholt 1 - SF Olfen 1"]
[Site "Verbandsliga 2015/2016"]
[Date "2016.05.21"]
[Round "9.6"]
[White "Hunhoff, Andreas"]
[Black "Boenigk, Winfried"]
[Result "0-1"]
[WhiteElo "1839"]
[BlackElo "1716"]
[PlyCount "54"]
[EventDate "2016.??.??"]
[SourceDate "2015.09.20"]

1. f4 d5 2. e3 Nf6 3. Nf3 c5 4. b3 Nc6 5. Bb5 e6 6. Bb2 Be7 7. O-O O-O 8. h3
Qc7 9. Ne5 a6 10. Bd3 Nb4 11. Be2 Ne4 12. a3 Nc6 13. Bd3 f5 14. Bxe4 dxe4 15.
Nxc6 Qxc6 16. Qe2 b5 17. g4 Bb7 18. Qg2 Bf6 19. Bxf6 Rxf6 20. Nc3 Rd8 21. Rfd1
Qc7 22. Ne2 Rf7 23. Ng3 g6 24. c3 Rd3 25. a4 b4 26. Rab1 bxc3 27. dxc3 Rxe3 0-1

[Event "SK Bocholt 1 - SF Olfen 1"]
[Site "Verbandsliga 2015/2016"]
[Date "2016.05.21"]
[Round "9.7"]
[White "Pinno, Gregor"]
[Black "Schmale, Lina Maria"]
[Result "1-0"]
[WhiteElo "1759"]
[BlackElo "1414"]
[PlyCount "129"]
[EventDate "2016.??.??"]
[SourceDate "2015.09.20"]

1. Nf3 c5 2. g3 Nc6 3. Bg2 e5 4. d3 Be7 5. O-O d5 6. Nbd2 Nf6 7. e4 d4 8. a4
Bg4 9. Nc4 Nd7 10. h3 Bh5 11. g4 Bg6 12. Nh2 a6 13. a5 O-O 14. f4 exf4 15. Bxf4
f6 16. Nf3 Bf7 17. b3 Bxc4 18. bxc4 Nde5 19. Qd2 Bd6 20. Nh4 Bc7 21. Nf5 Bxa5
22. Qf2 g5 23. Bd2 Bc7 24. Bf3 Ne7 25. h4 Nxf5 26. exf5 Rb8 27. Bd5+ Kg7 28.
Qg2 Qd6 29. Rf2 h6 30. Bxb7 Qb6 31. Bd5 Qa7 32. Qh3 Rh8 33. Qg2 a5 34. Qe4 a4
35. Bc1 Qa5 36. Bd2 Qa7 37. Bc1 Rb6 38. Kg2 Rhb8 39. Ba3 Rb1 40. Rf1 Rxf1 41.
Kxf1 Qa5 42. Qe1 Qxe1+ 43. Kxe1 Ba5+ 44. Ke2 Bb4 45. hxg5 hxg5 46. Bc1 Nxg4 47.
Rxa4 Re8+ 48. Be6 Re7 49. Ra8 Ne5 50. Rg8+ Kh7 51. Ra8 Ng6 52. fxg6+ Kxg6 53.
Ra6 f5 54. Kf2 f4 55. Bg4+ Kg7 56. Re6 Ra7 57. Re2 Ra2 58. Bd2 Rxc2 59. Bxb4
Rxe2+ 60. Kxe2 cxb4 61. Kd2 b3 62. Kc1 Kf6 63. Kb2 Ke5 64. Kxb3 Kd6 65. c5+ 1-0

[Event "SC Rochade Emsdetten 2 - SG Ahaus-Wessu"]
[Site "Verbandsliga 2015/2016"]
[Date "2016.05.21"]
[Round "9.1"]
[White "Schulze Ameling, Hendrik"]
[Black "Böhlich, Daniel"]
[Result "0-1"]
[WhiteElo "1978"]
[BlackElo "1994"]
[PlyCount "82"]
[EventDate "2016.??.??"]
[SourceDate "2015.09.20"]

1. d4 d5 2. Nf3 Nf6 3. c4 e6 4. Nc3 c6 5. e3 Nbd7 6. Bd3 dxc4 7. Bxc4 b5 8. Bd3
a6 9. O-O c5 10. b3 Bb7 11. Qe2 Be7 12. Bb2 O-O 13. Rfd1 cxd4 14. exd4 Nb6 15.
Rac1 Rc8 16. Ng5 Nbd5 17. Nh3 Nxc3 18. Rxc3 Rxc3 19. Bxc3 Qb6 20. Bb2 Rc8 21.
Ng5 h6 22. Nf3 Nd5 23. Qe4 f5 24. Qe1 Bf6 25. Ne5 Qd6 26. Bb1 Nf4 27. f3 Rd8
28. Bc2 Qc7 29. Rc1 Qb6 30. Kf1 Rd5 31. b4 Bxe5 32. dxe5 Nd3 33. Bxd3 Rxd3 34.
Rc5 Qd8 35. Ke2 Rd7 36. Qc3 Qh4 37. h3 Bd5 38. Kf1 Bc4+ 39. Kg1 Rd1+ 40. Kh2
Qf2 41. Rxc4 Rg1 0-1

[Event "SC Rochade Emsdetten 2 - SG Ahaus-Wessu"]
[Site "Verbandsliga 2015/2016"]
[Date "2016.05.21"]
[Round "9.2"]
[White "Lücke, Thomas"]
[Black "Rosing, Hermann"]
[Result "1-0"]
[WhiteElo "1825"]
[BlackElo "1943"]
[PlyCount "85"]
[EventDate "2016.??.??"]
[SourceDate "2015.09.20"]

1. Nf3 f5 2. d4 Nf6 3. g3 g6 4. Bg2 Bg7 5. O-O O-O 6. b3 d6 7. Bb2 c6 8. c4 Na6
9. Nbd2 h6 10. a3 Qe8 11. Qc2 g5 12. Rfe1 Qf7 13. e3 Bd7 14. Re2 Rae8 15. e4 f4
16. gxf4 Nh5 17. fxg5 Nf4 18. Re3 Nxg2 19. Kxg2 hxg5 20. Nf1 g4 21. Ne1 Bh6 22.
Re2 Qh5 23. Bc1 Bf4 24. Bxf4 Rxf4 25. Qd3 Ref8 26. Raa2 d5 27. Ng3 Qh3+ 28. Kg1
Rf3 29. Qc2 R8f7 30. exd5 Rh7 31. Nf1 Bf5 32. Qd1 Rxb3 33. Re5 Rf3 34. Qe2 g3
35. Nxf3 gxh2+ 36. N3xh2 Rg7+ 37. Ng3 Rh7 38. Ngf1 Rg7+ 39. Ng3 Rh7 40. Nhf1
Bg4 41. Rg5+ Rg7 42. Rxg7+ Kxg7 43. Qxe7+ 1-0

[Event "SC Rochade Emsdetten 2 - SG Ahaus-Wessu"]
[Site "Verbandsliga 2015/2016"]
[Date "2016.05.21"]
[Round "9.3"]
[White "Bauland, Thomas"]
[Black "Hedwig, Johannes"]
[Result "1/2-1/2"]
[WhiteElo "1867"]
[BlackElo "1784"]
[PlyCount "86"]
[EventDate "2016.??.??"]
[SourceDate "2015.09.20"]

1. Nc3 d5 2. e4 d4 3. Nce2 e5 4. Ng3 g6 5. Nf3 Bg7 6. Bc4 Nc6 7. d3 Na5 8. Bb3
Nxb3 9. axb3 Ne7 10. Bg5 f6 11. Bd2 Be6 12. O-O O-O 13. Qc1 Rf7 14. h3 Qd6 15.
Ra4 Bd7 16. Ra2 a6 17. Bh6 Bh8 18. Nd2 Nc6 19. c3 f5 20. Nc4 Qe7 21. f4 exf4
22. Bxf4 fxe4 23. Nxe4 Ne5 24. Nxe5 Bxe5 25. Bxe5 Qxe5 26. Rxf7 Kxf7 27. Ra1
Kg7 28. Qd2 Bc6 29. Qg5 Qxg5 30. Nxg5 dxc3 31. bxc3 Re8 32. Kf2 Rf8+ 33. Ke3
Re8+ 34. Ne4 Re5 35. b4 Bxe4 36. dxe4 Kf7 37. Rf1+ Ke7 38. Kd4 Rg5 39. g4 a5
40. bxa5 Rxa5 41. Rb1 b6 42. Rb3 Ke6 43. c4 Ra1 1/2-1/2

[Event "SC Rochade Emsdetten 2 - SG Ahaus-Wessu"]
[Site "Verbandsliga 2015/2016"]
[Date "2016.05.21"]
[Round "9.4"]
[White "Hemmers, Dieter"]
[Black "Woltering, Martin"]
[Result "1/2-1/2"]
[WhiteElo "1782"]
[BlackElo "1795"]
[PlyCount "47"]
[EventDate "2016.??.??"]
[SourceDate "2015.09.20"]

1. e4 e6 2. d4 d5 3. Nc3 Bb4 4. exd5 exd5 5. Qf3 Nc6 6. Bb5 Nf6 7. Bg5 Bg4 8.
Qd3 Qd6 9. Qe3+ Kf8 10. Bf4 Qd7 11. Nge2 Bxe2 12. Bxe2 Re8 13. Qd3 Nxd4 14.
Qxd4 Re4 15. Qd2 d4 16. Nxe4 Bxd2+ 17. Nxd2 Qe7 18. Kd1 Nd5 19. Bg3 Qb4 20. Rb1
h5 21. Bf3 Qa4 22. b4 Qxa2 23. Bxd5 Qxd5 24. f3 1/2-1/2

[Event "SC Rochade Emsdetten 2 - SG Ahaus-Wessu"]
[Site "Verbandsliga 2015/2016"]
[Date "2016.05.21"]
[Round "9.5"]
[White "Kemper, Josef"]
[Black "Nöring, Andreas"]
[Result "1/2-1/2"]
[WhiteElo "1819"]
[BlackElo "1832"]
[PlyCount "119"]
[EventDate "2016.??.??"]
[SourceDate "2015.09.20"]

1. e4 e5 2. Nf3 Nf6 3. Nxe5 d6 4. Nf3 Nxe4 5. d4 d5 6. Nbd2 Bd6 7. Be2 Nd7 8.
O-O Ndf6 9. c4 c6 10. cxd5 cxd5 11. Nb3 O-O 12. Be3 Bd7 13. Nc5 Bc6 14. Nd3 Ng4
15. Bc1 Rc8 16. Nfe5 Nxe5 17. dxe5 Bc7 18. Bg4 Rb8 19. f3 Bb6+ 20. Kh1 Ng5 21.
Re1 Ne6 22. Be3 Bxe3 23. Rxe3 Qg5 24. Re1 h5 25. Bxe6 fxe6 26. Qc1 Qf5 27. Qd2
Rbc8 28. Rac1 Bb5 29. Nc5 b6 30. Nb3 Bd7 31. Nd4 Qf4 32. Qxf4 Rxf4 33. Rxc8+
Bxc8 34. Nc6 Bd7 35. Rc1 Bxc6 36. Rxc6 Rc4 37. Rxc4 dxc4 38. Kg1 Kf7 39. Kf2
Kg6 40. Ke3 Kf5 41. Kd4 b5 42. Kc5 a6 43. a4 Kxe5 44. axb5 axb5 45. Kxb5 Kd5
46. f4 h4 47. g3 hxg3 48. hxg3 g6 49. g4 Kd4 50. Kc6 Ke4 51. Kd6 Kxf4 52. Kxe6
Kxg4 53. Kd5 Kf3 54. Kxc4 g5 55. b4 g4 56. b5 g3 57. b6 g2 58. b7 g1=Q 59. b8=Q
Qc1+ 60. Kd5 1/2-1/2

[Event "SC Rochade Emsdetten 2 - SG Ahaus-Wessu"]
[Site "Verbandsliga 2015/2016"]
[Date "2016.05.21"]
[Round "9.6"]
[White "Fehlings, Gerd"]
[Black "Beckmann, Christian"]
[Result "1/2-1/2"]
[WhiteElo "1753"]
[BlackElo "1731"]
[PlyCount "119"]
[EventDate "2016.??.??"]
[SourceDate "2015.09.20"]

1. Nf3 Nf6 2. d4 g6 3. g3 Bg7 4. Bg2 O-O 5. O-O Nc6 6. c4 d6 7. h3 e5 8. dxe5
dxe5 9. Nc3 Be6 10. b3 Nh5 11. Ng5 Qd7 12. Qxd7 Bxd7 13. Ba3 Rfd8 14. Rad1 h6
15. Nge4 Bf8 16. Bxf8 Kxf8 17. Nc5 Be8 18. Nxb7 Rxd1 19. Rxd1 Rc8 20. Nc5 Nf6
21. N5e4 Ke7 22. Nxf6 Kxf6 23. e3 Ke6 24. Kf1 Ne7 25. Ke2 f5 26. Nd5 e4 27.
Nxe7 Kxe7 28. f3 exf3+ 29. Bxf3 c5 30. e4 a5 31. exf5 gxf5 32. Ke3 a4 33. Kf4
axb3 34. axb3 Rb8 35. Re1+ Kd6 36. Bd1 Bd7 37. Bc2 Be6 38. Re3 Rf8 39. h4 Rf7
40. Re5 Rb7 41. Re1 Rg7 42. Rd1+ Kc6 43. Rd8 Rg4+ 44. Kf3 f4 45. gxf4 Rxh4 46.
f5 Bd7 47. Rg8 Rh2 48. Rg6+ Kc7 49. Be4 Rb2 50. Kf4 Rxb3 51. Rxh6 Rb4 52. Bd5
Bb5 53. Ke5 Bxc4 54. Rc6+ Kd7 55. Rxc5 Bxd5 56. Rxd5+ Ke7 57. Ra5 Rb7 58. Ra6
Rb5+ 59. Kf4 Rb1 60. Re6+ 1/2-1/2

[Event "SC Rochade Emsdetten 2 - SG Ahaus-Wessu"]
[Site "Verbandsliga 2015/2016"]
[Date "2016.05.21"]
[Round "9.7"]
[White "Wegener, Leon"]
[Black "Lachmuth, Matthias"]
[Result "1-0"]
[WhiteElo "1399"]
[BlackElo "1730"]
[PlyCount "127"]
[EventDate "2016.??.??"]
[SourceDate "2015.09.20"]

1. e4 a6 2. Nf3 b5 3. c3 Bb7 4. d3 e6 5. Bf4 Nf6 6. g3 Be7 7. Bg2 O-O 8. O-O d6
9. Nbd2 Nbd7 10. Qc2 c5 11. d4 Rc8 12. Qd3 Qb6 13. e5 Nd5 14. Bg5 cxd4 15. Bxe7
Nxe7 16. exd6 Ng6 17. Qxd4 Rfd8 18. Rad1 Qxd4 19. Nxd4 Bxg2 20. Kxg2 Nc5 21.
N4b3 Nd3 22. Ne4 Nxb2 23. Rd4 Rc6 24. Nbc5 Rb6 25. Rb1 e5 26. Rb4 f5 27. Ng5 h6
28. Nge6 Rdxd6 29. R4xb2 Rxe6 30. Nxe6 Rxe6 31. c4 bxc4 32. Rb8+ Kf7 33. R1b7+
Ne7 34. Rc8 Kf6 35. Rxc4 Nd5 36. Rc5 Ne7 37. Rcc7 g5 38. Ra7 f4 39. g4 e4 40.
Rc3 e3 41. fxe3 Nd5 42. Rc1 Nxe3+ 43. Kf3 Nd5 44. Rb7 Re3+ 45. Kf2 Re6 46. Rb3
Ne3 47. Kf3 Rd6 48. a3 Re6 49. Rbc3 Re5 50. Rc6+ Kg7 51. Rc7+ Kf8 52. Rb1 Re8
53. Rbb7 Kg8 54. Rg7+ Kh8 55. Rh7+ Kg8 56. Rxh6 Nf1 57. Kf2 Ne3 58. Rg6+ Kh8
59. Rxg5 Nd1+ 60. Kf3 Nc3 61. Rgg7 Nd5 62. Rh7+ Kg8 63. Rbg7+ Kf8 64. Rh8+ 1-0

[Event "SC Rochade Emsdetten 2 - SG Ahaus-Wessu"]
[Site "Verbandsliga 2015/2016"]
[Date "2016.05.21"]
[Round "9.8"]
[White "Schulte, Ralf"]
[Black "Woltering, Julian"]
[Result "1-0"]
[WhiteElo "1738"]
[BlackElo "1543"]
[PlyCount "69"]
[EventDate "2016.??.??"]
[SourceDate "2015.09.20"]

1. d4 Nf6 2. Nf3 c5 3. c3 e6 4. Bf4 Nc6 5. e3 Qa5 6. Bd3 cxd4 7. exd4 Be7 8.
O-O O-O 9. Nbd2 Qh5 10. Be2 d5 11. Ne1 Qf5 12. Be3 e5 13. dxe5 Nxe5 14. Ndf3
Bd6 15. Bd4 Nfg4 16. Nxe5 Nxe5 17. Nf3 Ng6 18. Re1 Re8 19. Be3 Qh5 20. g3 Qf5
21. Nd4 Qh3 22. Bf1 Qd7 23. Bg2 Ne5 24. Bf4 Nc4 25. Rxe8+ Qxe8 26. Bxd6 Nxd6
27. Bxd5 Qe5 28. Qf3 Bd7 29. Rd1 Re8 30. Kg2 Re7 31. Rd2 h5 32. Re2 Qg5 33.
Rxe7 Qxe7 34. Qxh5 g6 35. Qxg6+ 1-0

[Event "SC Falke Saerbeck 1 - TV Borken 1"]
[Site "Verbandsliga 2015/2016"]
[Date "2016.05.21"]
[Round "9.1"]
[White "Schulze-Schwering, Philipp"]
[Black "Hegemann, Eike"]
[Result "1/2-1/2"]
[WhiteElo "2039"]
[BlackElo "1987"]
[PlyCount "76"]
[EventDate "2016.??.??"]
[SourceDate "2015.09.20"]

1. d4 d5 2. c4 e6 3. Nc3 Nf6 4. cxd5 exd5 5. Bg5 Be7 6. e3 O-O 7. Qc2 Nbd7 8.
Bd3 Re8 9. Nge2 Nf8 10. O-O Ng6 11. Ng3 c6 12. Nf5 Bxf5 13. Bxf5 Qd6 14. Bxf6
Qxf6 15. a3 a5 16. Rab1 Bd6 17. b4 axb4 18. axb4 Ra3 19. Bh3 Qg5 20. Qb2 Rea8
21. Rfd1 f5 22. b5 f4 23. bxc6 bxc6 24. e4 f3 25. g3 Nf4 26. Bf1 Qh5 27. e5
Nh3+ 28. Kh1 Bb4 29. Qxb4 Nxf2+ 30. Kg1 Rxc3 31. Qxc3 Nxd1 32. Rxd1 f2+ 33. Kg2
Qxd1 34. Qxc6 Rd8 35. Qe6+ Kf8 36. Qf5+ Kg8 37. Qe6+ Kf8 38. Qf5+ Kg8 1/2-1/2

[Event "SC Falke Saerbeck 1 - TV Borken 1"]
[Site "Verbandsliga 2015/2016"]
[Date "2016.05.21"]
[Round "9.2"]
[White "Fischer, Andreas"]
[Black "Schroer, Klaus"]
[Result "0-1"]
[WhiteElo "1927"]
[BlackElo "2043"]
[PlyCount "80"]
[EventDate "2016.??.??"]
[SourceDate "2015.09.20"]

1. e4 e5 2. f4 exf4 3. Nf3 g5 4. h4 g4 5. Ne5 h5 6. Bc4 Nh6 7. d4 d6 8. Nd3 f3
9. gxf3 Be7 10. Be3 Bxh4+ 11. Kd2 Nc6 12. Nc3 Na5 13. Bb3 Nxb3+ 14. axb3 c6 15.
Qe2 gxf3 16. Qxf3 Bg4 17. Qf4 Qf6 18. Rag1 O-O-O 19. Qxf6 Bxf6 20. Nf2 Rdg8 21.
Bxh6 Rxh6 22. Nxg4 hxg4 23. Rxh6 Bg5+ 24. Ke2 Bxh6 25. Kf2 Kd7 26. Rh1 Bg7 27.
Ne2 Ke7 28. c3 c5 29. Ng3 cxd4 30. Nf5+ Kf6 31. cxd4 d5 32. Nxg7 Rxg7 33. exd5
Rg5 34. Rg1 Ke7 35. Ke3 Kd6 36. Ke4 g3 37. Rg2 a5 38. Kf4 Rg6 39. Ke4 b5 40. b4
a4 0-1

[Event "SC Falke Saerbeck 1 - TV Borken 1"]
[Site "Verbandsliga 2015/2016"]
[Date "2016.05.21"]
[Round "9.4"]
[White "Kipp, Lucas"]
[Black "Farwick, Christian"]
[Result "1-0"]
[WhiteElo "1892"]
[BlackElo "1795"]
[PlyCount "61"]
[EventDate "2016.??.??"]
[SourceDate "2015.09.20"]

1. e4 c5 2. c3 e6 3. d4 cxd4 4. cxd4 d6 5. Nf3 Be7 6. Nc3 Nf6 7. Be2 Bd7 8. O-O
O-O 9. h3 Nc6 10. Be3 Qb8 11. Rc1 Rd8 12. d5 Ne5 13. dxe6 Nxf3+ 14. Bxf3 Bxe6
15. Bf4 a6 16. Qe2 b5 17. e5 Bc4 18. Qe3 dxe5 19. Bxe5 Qa7 20. Bxa8 Qxe3 21.
fxe3 Bxf1 22. Bb7 b4 23. Kxf1 bxc3 24. Rxc3 Nd5 25. Rd3 Nb4 26. Rxd8+ Bxd8 27.
a3 Nd3 28. Bd4 Bf6 29. Bxf6 gxf6 30. b4 Nb2 31. Bxa6 1-0

[Event "SC Falke Saerbeck 1 - TV Borken 1"]
[Site "Verbandsliga 2015/2016"]
[Date "2016.05.21"]
[Round "9.5"]
[White "Vijayakumaran, Vithoosan"]
[Black "Waltermann, Jens"]
[Result "0-1"]
[WhiteElo "1736"]
[BlackElo "1872"]
[PlyCount "92"]
[EventDate "2016.??.??"]
[SourceDate "2015.09.20"]

1. b3 c5 2. Bb2 Nc6 3. Nf3 Nf6 4. e3 e6 5. Bb5 Qc7 6. O-O a6 7. Bxc6 Qxc6 8.
Ne5 Qc7 9. c4 d6 10. Ng4 Nd7 11. e4 b6 12. d4 Bb7 13. d5 e5 14. f4 f6 15. fxe5
Nxe5 16. Nxe5 dxe5 17. Qh5+ Kd8 18. Nc3 Bd6 19. a4 Qd7 20. Qf5 Qxf5 21. Rxf5 a5
22. Nb5 Ke7 23. Raf1 Rae8 24. h3 h5 25. Bc3 Bc8 26. R5f3 Rh7 27. R1f2 Bb8 28.
Kf1 Bd7 29. Bd2 Rf8 30. Bg5 h4 31. Nc3 Rh5 32. Bc1 Bd6 33. Nd1 g6 34. Ne3 f5
35. Bb2 f4 36. Nc2 g5 37. Ne1 Rg8 38. Rd3 g4 39. hxg4 Rxg4 40. Nf3 Be8 41. Bc3
Rg3 42. Re2 h3 43. gxh3 Rhxh3 44. Rf2 Bg6 45. Bxe5 Bxe4 46. Bxd6+ Kxd6 0-1

[Event "SC Falke Saerbeck 1 - TV Borken 1"]
[Site "Verbandsliga 2015/2016"]
[Date "2016.05.21"]
[Round "9.6"]
[White "Lutterbey, Ralf"]
[Black "Klüppel, Ralf"]
[Result "1-0"]
[WhiteElo "1903"]
[BlackElo "1729"]
[PlyCount "109"]
[EventDate "2016.??.??"]
[SourceDate "2015.09.20"]

1. e4 c6 2. d4 d5 3. c4 dxe4 4. Nc3 Nf6 5. f3 e6 6. fxe4 e5 7. d5 Bc5 8. Nf3
Ng4 9. Bg5 Qb6 10. Qd2 Bf2+ 11. Kd1 f6 12. h3 Ne3+ 13. Bxe3 Bxe3 14. Qc2 O-O
15. Bd3 Na6 16. a3 Bh6 17. b4 c5 18. b5 Nb8 19. a4 a5 20. Qf2 Qd6 21. g4 Rf7
22. Ke2 Nd7 23. Raf1 Nf8 24. Nh4 Ng6 25. Nxg6 hxg6 26. Nd1 Bd7 27. Ne3 Raf8 28.
Ng2 b6 29. Nh4 Kh7 30. Qg2 Qe7 31. Nf3 Bf4 32. Qf2 Rh8 33. Ne1 Kg8 34. Ng2 g5
35. Qf3 g6 36. h4 Rfh7 37. Ke1 Kg7 38. Be2 Qd6 39. Nxf4 exf4 40. hxg5 fxg5 41.
Qc3+ Kg8 42. Rxh7 Rxh7 43. e5 Qe7 44. e6 Rh2 45. Qe5 Kh7 46. Bf3 Bc8 47. Kd1
Rh3 48. Be4 Qg7 49. Qxg7+ Kxg7 50. Re1 Kf6 51. e7 Bxg4+ 52. Kc1 Bd7 53. d6 Rc3+
54. Kb2 Rxc4 55. Bc6 1-0

[Event "SC Falke Saerbeck 1 - TV Borken 1"]
[Site "Verbandsliga 2015/2016"]
[Date "2016.05.21"]
[Round "9.7"]
[White "Schäfers, Serge"]
[Black "Schröter, Manfred"]
[Result "1/2-1/2"]
[WhiteElo "1607"]
[BlackElo "1811"]
[PlyCount "49"]
[EventDate "2016.??.??"]
[SourceDate "2015.09.20"]

1. e4 g6 2. Bc4 Bg7 3. Nf3 d6 4. Ng5 Nh6 5. d3 O-O 6. h3 Nc6 7. a3 e5 8. Nc3
Nd4 9. Be3 c6 10. Qd2 b5 11. Ba2 Kh8 12. Ne2 Qe7 13. c3 Nxe2 14. Qxe2 f6 15.
Nf3 Be6 16. Bxe6 Qxe6 17. Qd2 Nf7 18. O-O d5 19. exd5 cxd5 20. d4 e4 21. Ne1
Nd6 22. Bh6 Bxh6 23. Qxh6 f5 24. Nc2 Nf7 25. Qd2 1/2-1/2

[Event "SC Falke Saerbeck 1 - TV Borken 1"]
[Site "Verbandsliga 2015/2016"]
[Date "2016.05.21"]
[Round "9.8"]
[White "Bartsch, Rainer"]
[Black "Boldrick, Marcel"]
[Result "1-0"]
[WhiteElo "1805"]
[BlackElo "1473"]
[PlyCount "75"]
[EventDate "2016.??.??"]
[SourceDate "2015.09.20"]

1. d4 d5 2. Nf3 Nf6 3. e3 e6 4. Nbd2 Bd6 5. Bd3 Nc6 6. c3 O-O 7. e4 e5 8. O-O
Bg4 9. exd5 Nxd5 10. Nc4 exd4 11. Nxd6 Qxd6 12. cxd4 Bxf3 13. Qxf3 Nxd4 14. Qe4
Nf6 15. Qh4 g6 16. Bg5 Ne6 17. Bxf6 Qxd3 18. Rad1 Qf5 19. Rfe1 Rfe8 20. Re5 Qf4
21. Rxe6 Qxh4 22. Rxe8+ Rxe8 23. Bxh4 f5 24. Rd8 Kf7 25. Rxe8 Kxe8 26. f4 Kd7
27. Kf2 Kd6 28. Ke3 Kd5 29. Kd3 c6 30. Bf2 a6 31. b4 b5 32. a3 h6 33. Be3 h5
34. g3 Ke6 35. Kd4 Kd6 36. Bf2 Kd7 37. Ke5 Ke7 38. Bc5+ 1-0

[Event "SV Heiden 1 - SK Münster 4"]
[Site "Verbandsliga 2015/2016"]
[Date "2016.05.21"]
[Round "9.1"]
[White "Schulz, Stefan"]
[Black "Berger, Alfred"]
[Result "0-1"]
[WhiteElo "1884"]
[BlackElo "1951"]
[PlyCount "103"]
[EventDate "2016.??.??"]
[SourceDate "2015.09.20"]

1. d4 d5 2. Nf3 c6 3. c4 e6 4. Qc2 Nf6 5. g3 Nbd7 6. Bg2 Bd6 7. O-O O-O 8. b3
Qe7 9. a4 Ne4 10. Ba3 f5 11. Bxd6 Qxd6 12. Nc3 a5 13. Rfd1 b6 14. e3 Ba6 15.
Bf1 Bb7 16. Bg2 h6 17. Nd2 Ndf6 18. f3 Nxd2 19. Rxd2 Ba6 20. e4 fxe4 21. fxe4
Ng4 22. e5 Qb4 23. Na2 Qe7 24. Qd3 Qg5 25. Bh3 h5 26. Rc2 Rad8 27. Re1 Rf5 28.
Qd2 Qxd2 29. Rxd2 dxc4 30. bxc4 Bxc4 31. Re4 Bd5 32. Bxg4 hxg4 33. Rxg4 Rdf8
34. Rf4 Rxf4 35. gxf4 Rxf4 36. Nc3 Rg4+ 37. Kf1 Bc4+ 38. Kf2 b5 39. axb5 cxb5
40. d5 exd5 41. Nxd5 Bxd5 42. Rxd5 Rb4 43. e6 Kf8 44. Ke3 a4 45. Rd7 a3 46.
Rf7+ Ke8 47. Rf1 Ke7 48. Kd3 Kxe6 49. Kc3 Rb2 50. h3 b4+ 51. Kc4 a2 52. Re1+
0-1

[Event "SV Heiden 1 - SK Münster 4"]
[Site "Verbandsliga 2015/2016"]
[Date "2016.05.21"]
[Round "9.2"]
[White "Wienen, Hermann"]
[Black "Jansen, Dirk"]
[Result "1/2-1/2"]
[WhiteElo "1965"]
[BlackElo "1907"]
[PlyCount "38"]
[EventDate "2016.??.??"]
[SourceDate "2015.09.20"]

1. e4 e6 2. d4 d5 3. exd5 exd5 4. Bd3 Nc6 5. c3 Bd6 6. Nf3 Bg4 7. O-O Nge7 8.
Re1 Qd7 9. Nbd2 f6 10. Qb3 O-O-O 11. Qc2 Bf5 12. Bxf5 Nxf5 13. Nf1 Rde8 14. Bd2
Nce7 15. Ne3 Nxe3 16. Rxe3 Nf5 17. Rxe8+ Rxe8 18. Re1 Rxe1+ 19. Nxe1 Qe6
1/2-1/2

[Event "SV Heiden 1 - SK Münster 4"]
[Site "Verbandsliga 2015/2016"]
[Date "2016.05.21"]
[Round "9.4"]
[White "Sicking, Norbert"]
[Black "Wolffgang, Georg"]
[Result "1/2-1/2"]
[WhiteElo "1781"]
[BlackElo "1854"]
[PlyCount "55"]
[EventDate "2016.??.??"]
[SourceDate "2015.09.20"]

1. d4 f5 2. c3 Nf6 3. g3 g6 4. Bg2 Bg7 5. Nf3 O-O 6. O-O d6 7. Nbd2 c6 8. Qc2
Kh8 9. e4 fxe4 10. Nxe4 Bf5 11. Nh4 Bxe4 12. Bxe4 Nxe4 13. Qxe4 e5 14. dxe5
Bxe5 15. Be3 Nd7 16. f4 Bf6 17. Ng2 d5 18. Qb4 Nb6 19. Bc5 Re8 20. Rfe1 Qc7 21.
Bd4 Bxd4+ 22. Qxd4+ Qg7 23. Qd3 Nc4 24. b3 Nd6 25. Rac1 b5 26. Nh4 Re4 27. Nf3
Rae8 28. Rxe4 1/2-1/2